| 000 | 00391nam a22001457a 4500 | ||
|---|---|---|---|
| 999 |
_c12653 _d12653 |
||
| 008 | 210211b ||||| |||| 00| 0 eng d | ||
| 082 | 0 | 0 |
_a621.3 _bC8511 |
| 100 |
_9203 _aCotton, H. |
||
| 245 | 1 | 0 |
_aAdvanced electrical technology _cby H. Cotton |
| 260 |
_aLondon: _bSir Isaac Pitman & Sons _c1967 |
||
| 300 | _axi,1293p. | ||
| 365 | _d20.00 | ||
| 650 | 0 | _aElectrical Engineering | |
| 942 | _cBK | ||